Sports Quiz

Random Sports or Basketball Quiz

Southern Conference Quiz Stats

 Plays Quiz Updated Oct 19, 2016

Score 0/20 Timer 05:00
4 Plays Today
% Correct
Wofford
60.2%
Furman
60.1%
The Citadel
59%
Bulldogs
57.1%
Bulldogs
57.1%
Chattanooga
52%
Bears
51.5%
Western Carolina
49.3%
Mercer
48.3%
VMI
46.4%
% Correct
UNC Greensboro
46.4%
Samford
45.7%
East Tennessee State
43.4%
Paladins
43.1%
Terriers
42.7%
Mocs
39.4%
Catamounts
36.5%
Keydets
35.8%
Buccaneers
35.1%
Spartans
33.6%

You're not logged in!

Compare scores with friends on all Sporcle quizzes.
OR
Log In

Sporcle TV

Today on Sporcle TV


Watch our educational content, quiz creation guides, and fun videos on Sporcle TV.

Show Comments

Extras

Top Quizzes Today


Score Distribution

Your Account Isn't Verified!

In order to create a playlist on Sporcle, you need to verify the email address you used during registration. Go to your Sporcle Settings to finish the process.

Report this User

Report this user for behavior that violates our Community Guidelines.

Details: